<?xml version="1.0" encoding="UTF-8"?>
<record
    xmlns:xsi="http://www.w3.org/2001/XMLSchema-instance"
    xsi:schemaLocation="http://www.loc.gov/MARC21/slim http://www.loc.gov/standards/marcxml/schema/MARC21slim.xsd"
    xmlns="http://www.loc.gov/MARC21/slim">

  <leader>02610cas a2200577 a 4500</leader>
  <controlfield tag="001">1217</controlfield>
  <controlfield tag="003">BD-RjUL</controlfield>
  <controlfield tag="005">20211208233308.0</controlfield>
  <controlfield tag="008">131125c19469999pauqr p       0   a0eng c</controlfield>
  <datafield tag="030" ind1=" " ind2=" ">
    <subfield code="a">PFGGAC</subfield>
  </datafield>
  <datafield tag="032" ind1=" " ind2=" ">
    <subfield code="a">604640</subfield>
    <subfield code="b">USPS</subfield>
  </datafield>
  <datafield tag="035" ind1=" " ind2=" ">
    <subfield code="a">(OCoLC)ocm06442093 </subfield>
  </datafield>
  <datafield tag="035" ind1=" " ind2=" ">
    <subfield code="a">(BD-RjUL)1239</subfield>
  </datafield>
  <datafield tag="037" ind1=" " ind2=" ">
    <subfield code="b">Taylor &amp; Francis Group, LLC, 325 Chestnut Street, Philadelphia, PA 19106</subfield>
  </datafield>
  <datafield tag="040" ind1=" " ind2=" ">
    <subfield code="a">PPiU</subfield>
    <subfield code="b">eng</subfield>
    <subfield code="c">PPiU</subfield>
    <subfield code="d">N</subfield>
    <subfield code="d">InU</subfield>
    <subfield code="d">DLC</subfield>
    <subfield code="d">NSDP</subfield>
    <subfield code="d">DLC</subfield>
    <subfield code="d">AIP</subfield>
    <subfield code="d">NSDP</subfield>
    <subfield code="d">AIP</subfield>
    <subfield code="d">DLC</subfield>
    <subfield code="d">AIP</subfield>
    <subfield code="d">MH</subfield>
    <subfield code="d">NST</subfield>
    <subfield code="d">NSDP</subfield>
    <subfield code="d">NST</subfield>
    <subfield code="d">NSDP</subfield>
    <subfield code="d">OCoLC</subfield>
    <subfield code="d">MH</subfield>
    <subfield code="d">CU-S</subfield>
    <subfield code="d">DNLM</subfield>
    <subfield code="d">OCoLC</subfield>
    <subfield code="d">CLU</subfield>
    <subfield code="d">OCoLC</subfield>
    <subfield code="d">MCM</subfield>
    <subfield code="d">CaQQL</subfield>
    <subfield code="d">NSDP</subfield>
    <subfield code="d">OCoLC</subfield>
    <subfield code="d">GU</subfield>
    <subfield code="d">OCoLC</subfield>
    <subfield code="d">DLC</subfield>
    <subfield code="d">BD-RjUL</subfield>
  </datafield>
  <datafield tag="042" ind1=" " ind2=" ">
    <subfield code="a">pcc</subfield>
    <subfield code="a">nsdp</subfield>
  </datafield>
  <datafield tag="082" ind1="0" ind2="4">
    <subfield code="a">910.5</subfield>
    <subfield code="2">19</subfield>
    <subfield code="b">PRO</subfield>
  </datafield>
  <datafield tag="245" ind1="0" ind2="4">
    <subfield code="a">The Professional geographer :</subfield>
    <subfield code="b">the journal of the Association of American Geographers.</subfield>
  </datafield>
  <datafield tag="260" ind1=" " ind2=" ">
    <subfield code="a">[Hamilton, N.Y.] :</subfield>
    <subfield code="b">Association of American Geographers</subfield>
  </datafield>
  <datafield tag="260" ind1="2" ind2=" ">
    <subfield code="a">Cambridge, Mass. :</subfield>
    <subfield code="b">Blackwell</subfield>
  </datafield>
  <datafield tag="260" ind1="3" ind2=" ">
    <subfield code="a">Philadelphia, PA :</subfield>
    <subfield code="b">Taylor &amp; Francis Group, LLC</subfield>
  </datafield>
  <datafield tag="300" ind1=" " ind2=" ">
    <subfield code="a">v. :</subfield>
    <subfield code="b">ill. ;</subfield>
    <subfield code="c">21-32 cm.</subfield>
  </datafield>
  <datafield tag="500" ind1=" " ind2=" ">
    <subfield code="a">Vol. 1 has supplement: Directory of the members and associates of the Association of American Geographers; constitution of the Association.</subfield>
  </datafield>
  <datafield tag="515" ind1=" " ind2=" ">
    <subfield code="a">Issues for Mar. 1949- called new ser. v. 1, no. 1-</subfield>
  </datafield>
  <datafield tag="550" ind1=" " ind2=" ">
    <subfield code="a">Organ of the American Society for Professional Geographers, 1946-1948; of the Association of American Geographers, 1949-</subfield>
  </datafield>
  <datafield tag="650" ind1=" " ind2="0">
    <subfield code="a">Geography</subfield>
    <subfield code="v">Periodicals.</subfield>
    <subfield code="9">3604</subfield>
  </datafield>
  <datafield tag="650" ind1=" " ind2="6">
    <subfield code="a">G&#xE9;ographie</subfield>
    <subfield code="v">P&#xE9;riodiques.</subfield>
    <subfield code="9">3605</subfield>
  </datafield>
  <datafield tag="710" ind1="2" ind2=" ">
    <subfield code="a">Association of American Geographers,</subfield>
    <subfield code="e">issuing body.</subfield>
    <subfield code="9">3606</subfield>
  </datafield>
  <datafield tag="710" ind1="2" ind2=" ">
    <subfield code="a">American Society for Professional Geographers,</subfield>
    <subfield code="e">issuing body.</subfield>
    <subfield code="9">3607</subfield>
  </datafield>
  <datafield tag="776" ind1="0" ind2="8">
    <subfield code="i">Online version:</subfield>
    <subfield code="t">Professional geographer (Online)</subfield>
    <subfield code="x">1467-9272</subfield>
    <subfield code="w">(DLC)  2011233269</subfield>
    <subfield code="w">(OCoLC)37772943</subfield>
  </datafield>
  <datafield tag="780" ind1="0" ind2="0">
    <subfield code="a">American Society for Professional Geographers.</subfield>
    <subfield code="t">Bulletin of the American Society for Professional Geographers</subfield>
  </datafield>
  <datafield tag="780" ind1="0" ind2="5">
    <subfield code="a">Association of American Geographers.</subfield>
    <subfield code="t">Joint newsletter of the Association of American Geographers and the American Society for Professional Geographers</subfield>
    <subfield code="g">1949</subfield>
  </datafield>
  <datafield tag="906" ind1=" " ind2=" ">
    <subfield code="a">7</subfield>
    <subfield code="b">cbc</subfield>
    <subfield code="c">serials</subfield>
    <subfield code="d">3</subfield>
    <subfield code="e">ncip</subfield>
    <subfield code="f">19</subfield>
    <subfield code="g">n-oclcserc</subfield>
  </datafield>
  <datafield tag="936" ind1=" " ind2=" ">
    <subfield code="a">INC</subfield>
    <subfield code="a">AACR2=IUL</subfield>
  </datafield>
  <datafield tag="942" ind1=" " ind2=" ">
    <subfield code="2">ddc</subfield>
    <subfield code="c">CR</subfield>
  </datafield>
  <datafield tag="999" ind1=" " ind2=" ">
    <subfield code="c">1217</subfield>
    <subfield code="d">1217</subfield>
  </datafield>
  <datafield tag="952" ind1=" " ind2=" ">
    <subfield code="0">0</subfield>
    <subfield code="1">0</subfield>
    <subfield code="2">ddc</subfield>
    <subfield code="4">0</subfield>
    <subfield code="5">1</subfield>
    <subfield code="7">1</subfield>
    <subfield code="8">NFIC</subfield>
    <subfield code="a">RUCL</subfield>
    <subfield code="b">RUCL</subfield>
    <subfield code="c">Serials </subfield>
    <subfield code="d">1991-06-19</subfield>
    <subfield code="h">Volume 40 No. 1-4 (Feb.-Nov. 1988)</subfield>
    <subfield code="l">0</subfield>
    <subfield code="o">P 910.5 PRO V.40 No.1-4 1988</subfield>
    <subfield code="r">2013-11-25 00:00:00</subfield>
    <subfield code="t">C-1</subfield>
    <subfield code="w">2013-11-25</subfield>
    <subfield code="y">CR</subfield>
  </datafield>
</record>
